000 01668nam a2200361 c 4500
003 BLK
005 20180420230059.0
008 180409b bul|||||r ||||||| ||bul||
010 _aKNG00106339000
020 _a954-9574-98-9
_bиздат.: Тракия-М
040 _aBLK
041 _aBUL
_cBUL
080 _aКапиталовложения. Образуване на капитала. Инвестиции
_b330.322
_x
_z330.322
080 _aФинанси на стопанските организации (вкл. финансиране и управление на финансите). Финанси на стопанския сектор
_b336.6
_x
_z336.6
100 1 _aАлександров, Крум Стефанов
_eпърви автор
_9244730
700 1 _aЖелязкова, Йорданка
_eсъавт.
_9308768
139 _aАлександров, Крум Стефанов и др.
_bА 51
245 1 0 _aУправление на реалните инвестиции
_cКрум Стефанов Александров; съавт. Йорданка Желязкова.
257 _aBGR
260 София
_bТракия-М
_c2002
_fВраца : Полипринт
300 _a251 с.
_c21 см
380 _a3
500 _aВ кн. означено 2. изд. - Офс. изд. - Библиогр. с. 251.
504 _a251
650 4 _aИнвестиции - организация и управление
_9252797
653 _aинвестиции
653 _aуправление
852 _aЦб 214966
856 4 _qpdf
_u
856 4 _qpdf
_u
942 _cKNG
_n0
944 _aCR
_c01.01.2002
_kКети_Илиева
944 _aED
_c14.11.2012
_k
999 _c101296
_d101296